书目信息 |
| 题名: |
象山港生态环境保护与修复技术研究
|
|
| 作者: | 尤仲杰 , 焦海峰 著 | |
| 分册: | ||
| 出版信息: | 北京 海洋出版社 2011.06 |
|
| 页数: | 444页 | |
| 开本: | 29cm | |
| 丛书名: | ||
| 单 册: | ||
| 中图分类: | X55 , X321 | |
| 科图分类: | ||
| 主题词: | 海洋环境--hai yang huan jing--环境保护--象山县 , 生态环境--sheng tai huan jing--环境保护--象山县 , 海洋污染--污染防治--海洋污染--污染防治 | |
| 电子资源: | ||
| ISBN: | 978-7-5027-8030-2 | |
| 000 | 01069nam0 2200289 450 | |
| 001 | 1141408475 | |
| 005 | 20111110142342.10 | |
| 010 | @a978-7-5027-8030-2@dCNY98.00@z7-5027-8030-0 | |
| 100 | @a20110728d2011 em y0chiy50 ea | |
| 101 | 0 | @achi |
| 102 | @aCN@b110000 | |
| 105 | @aabk a 000yy | |
| 200 | 1 | @a象山港生态环境保护与修复技术研究@Axiang shan gang sheng tai huan jing bao hu yu xiu fu ji shu yan jiu@f尤仲杰, 焦海峰等著 |
| 210 | @a北京@c海洋出版社@d2011.06 | |
| 215 | @a444页@c图, 地图@d29cm | |
| 300 | @a宁波宁自然科学学术著作出版基金资助 | |
| 320 | @a有书目 (第435-444页) | |
| 330 | @a本书主要内容包括: 象山港海域生态环境现状调查与评价方法 ; 海洋生态环境 ; 初级生产力 ; 海洋微生物 ; 浮游植物等。 | |
| 606 | 0 | @a海洋环境@Ahai yang huan jing@x环境保护@y象山县 |
| 606 | 0 | @a生态环境@Asheng tai huan jing@x环境保护@y象山县 |
| 606 | 0 | @a海洋污染@x污染防治@a海洋污染@x污染防治 |
| 690 | @aX55@v4 | |
| 690 | @aX321@v4 | |
| 701 | 0 | @a尤仲杰@Ayou zhong jie@4著 |
| 701 | 0 | @a焦海峰@Ajiao hai feng@4著 |
| 801 | 0 | @aCN@c20110728 |
| 905 | @dX55@eY669 | |
| 象山港生态环境保护与修复技术研究/尤仲杰, 焦海峰等著.-北京:海洋出版社,2011.06 |
| 444页:图, 地图;29cm |
| 宁波宁自然科学学术著作出版基金资助 |
| ISBN 978-7-5027-8030-2:CNY98.00 |
| 本书主要内容包括: 象山港海域生态环境现状调查与评价方法 ; 海洋生态环境 ; 初级生产力 ; 海洋微生物 ; 浮游植物等。 |
| ● |
| 相关链接 |
|
|
|
正题名:象山港生态环境保护与修复技术研究
索取号:X55/Y669
 
预约/预借
| 序号 | 登录号 | 条形码 | 馆藏地/架位号 | 状态 | 备注 |
| 1 | 1220675 | 212206753 | 自科库501/501自科库 102排2列1层/ [索取号:X55/Y669] | 在馆 | |
| 2 | 1220676 | 212206762 | 自科库501/501自科库 102排2列1层/ [索取号:X55/Y669] | 在馆 | |
| 3 | 1220677 | 212206771 | 自科二线504/504自科库 12排3列1层/ [索取号:X55/Y669] | 在馆 |